| 000 | 00626nab a2200205 4500 | ||
|---|---|---|---|
| 999 |
_c372275 _d372275 |
||
| 001 | 28437 | ||
| 003 | OSt | ||
| 005 | 20230306143354.0 | ||
| 007 | tu | ||
| 008 | 110905s1914||||||| | ||
| 040 |
_aDE-2950 _cDE-2950 |
||
| 084 | _a02.01.02.00. Frankfurt(Oder) | ||
| 245 | 0 | 0 | _aVortrag des norwegischen Polarforschers Roald Amundsen im Kaisersaal am 02. Februar 1914. |
| 264 | _c1914 | ||
| 500 | _aFormat: 1 | ||
| 513 | _bEreignisdatum: 02.02.1914 | ||
| 653 | _aAmundsen, Roald; Forschungsreisender, Seemann, Geograf, Polarforscher, 1872-1928 | ||
| 773 | 0 |
_g04.02.1914, 4. Februar 1914 _tFrankfurter Oderzeitung |
|
| 942 |
_2z _cA |
||